Entry Topical Term
Number of records used in: 1
001 - CONTROL NUMBER
003 - CONTROL NUMBER IDENTIFIER
005 - DATE AND TIME OF LATEST TRANSACTION
- control field:
20190330104152.0
008 - FIXED-LENGTH DATA ELEMENTS
- fixed length control field:
190330|| aca||aabn | a|a d
040 ## - CATALOGING SOURCE
- Original cataloging agency:
OSt
- Transcribing agency:
OSt
150 ## - HEADING--TOPICAL TERM
- Topical term or geographic name as entry element:
B.Tech
670 ## - SOURCE DATA FOUND
- Source citation:
Work cat.: (OSt)1189: Auadhanulu M N , Kshirsagar P G and others 4918, A text book of Enginnering Physics, 2019